000
00262nam a2200133Ia 4500
100
_a
Kompaneyets/A.S
942
_c
BK
654
_a
Physics
245
_a
Theoretical Phyics
260
_b
Mir Publishers
082
_a
530
300
_a
616
546
_a
ENGLISH
999
_c
23341
_d
23341